• 首页
  • 本馆介绍
  • 公告通知
  • 最新文献
  • 馆藏检索
  • 电子资源
  • 读者导购
  • 参考咨询
  • 我的图书馆
  • 登录
  • 详细信息显示
  • 放入我的书架
  • 预约/预借图书
  • 作者相关作品
  • 分类相关作品
  • 丛书相关作品
  • 出版社相关作品

书目信息

  • 表格格式
  • 工作单格式
  • 卡片格式
题名:
货币政策、融资约束与企业R&D投资行为
    
 
作者: 刘胜强 著
分册:  
出版信息: 北京   经济科学出版社  2020.11
页数: 202页
开本: 24cm
丛书名: 资本市场会计研究丛书
单 册:
中图分类: F822.0 , F832.48 , F279.246
科图分类:
主题词: 货币政策--huo bi zheng ce--研究--中国 , 融资--rong zi--研究--中国 , 公司--gong si--投资--研究--中国
电子资源:
ISBN: 978-7-5218-2076-8
000 01345oam2 2200313 450
001 2151125746
005 20211018173724.0
010    @a978-7-5218-2076-8@dCNY55.00
100    @a20210627d2020 em y0chiy0120 ea
101 0  @achi@ceng
102    @aCN@b110000
105    @ay z 000yy
106    @ar
200 1  @a货币政策、融资约束与企业R&D投资行为@Ahuo bi zheng ce rong zi yue shu yu qi ye R&Dtou zi hang wei@f刘胜强著
210    @a北京@c经济科学出版社@d2020.11
215    @a202页@d24cm
225 2  @a资本市场会计研究丛书@Azi ben shi chang hui ji yan jiu cong shu
300    @a重庆工商大学“资本市场财务与会计研究”科研团队建设项目资助 国家社科基金“货币政策、融资约束与企业R&D投资行为研究”最终成果
330    @a本书共7章,内容包括:基本概念与文献综述;货币政策、融资约束与企业R&D投资三者关系的理论分析;我国货币政策与R&D投资的总体现状;货币政策、融资约束与企业R&D投资间的宏观协整分析;货币政策、融资约束与企业R&D投资间的微观实证检验;结论及建议等。
461  0 @12001 @a资本市场会计研究丛书
606 0  @a货币政策@Ahuo bi zheng ce@x研究@y中国
606 0  @a融资@Arong zi@x研究@y中国
606 0  @a公司@Agong si@x投资@x研究@y中国
690    @aF822.0@v5
690    @aF832.48@v5
690    @aF279.246@v5
701  0 @a刘胜强@Aliu sheng qiang@f(1978-)@4著
801  0 @aCN@b百万庄@c20211018
905    @b1310516-19@dF822.0@e98@f4
    
    货币政策、融资约束与企业R&D投资行为/刘胜强著.-北京:经济科学出版社,2020.11
    202页;24cm.-(资本市场会计研究丛书)
    重庆工商大学“资本市场财务与会计研究”科研团队建设项目资助 国家社科基金“货币政策、融资约束与企业R&D投资行为研究”最终成果
    
    ISBN 978-7-5218-2076-8:CNY55.00
    本书共7章,内容包括:基本概念与文献综述;货币政策、融资约束与企业R&D投资三者关系的理论分析;我国货币政策与R&D投资的总体现状;货币政策、融资约束与企业R&D投资间的宏观协整分析;货币政策、融资约束与企业R&D投资间的微观实证检验;结论及建议等。
●
相关链接 在E读中查询图书 在五车中查询图书 在当当中查询图书 在豆瓣中查询图书


正题名:货币政策、融资约束与企业R&D投资行为     索取号:F822.0/98         预约/预借

序号 登录号 条形码 馆藏地/架位号 状态 备注
1 1310516   213105165   第一样本阅览室/ [索取号:F822.0/98] 在馆    
2 1310517   213105174   第一借阅区/ [索取号:F822.0/98] 在馆    
3 1310518   213105183   第一借阅区/ [索取号:F822.0/98] 在馆    
4 1310519   213105192   第一借阅区/ [索取号:F822.0/98] 在馆    
唐山师范学院图书馆 欢迎您!
大连网信软件有限公司© 版权所有